000 00286nam a2200121 a 4500
008 030224s1972||||xx 0 und c
040 _aSNK
_bslo
_cSNK
_eAACR2
245 1 0 _aŽena v zdraví a chorobe
260 _aMartin
_bOsveta
_c1972
020 _c43
041 _aslo
044 _axo
_cSK
999 _c19689
_d19689